| 000 | 01048nam a2200349 4500 | ||
|---|---|---|---|
| 999 |
_c10681 _d10681 |
||
| 001 | 10681 | ||
| 003 | BD-JhCC | ||
| 005 | 20180807120507.0 | ||
| 008 | 180807s2012 enkb 000 f eng|d | ||
| 020 | _a0007466072 | ||
| 020 | _a9780007466078 | ||
| 035 | _a(UkLCURL)09DAW22849658 | ||
| 035 | _a(UK-LoICS)DAW22849658 | ||
| 035 | _a(UkNcU)000925303 | ||
| 035 | _a(BD-JhCC)10681 | ||
| 038 | _aUk | ||
| 040 |
_aStDuBDS _cStDuBDS _dDAWSON _dUkOxU _dBD-JhCC |
||
| 041 | _aeng | ||
| 082 | 0 | 4 |
_a813.6 _223 _bMAR 2012 |
| 090 |
_aNcl _b813.54 MAR |
||
| 100 | 1 | _aMartin, George R. R. | |
| 245 | 1 | 2 |
_aA dance with dragons. _n2, _pAfter the feast / _cGeorge R.R. Martin. |
| 246 | 3 | 0 | _aafter the feast |
| 260 |
_aLondon : _bHarper Voyager, _c2012. |
||
| 300 |
_a557, 16 p. : _bmaps ; _c20 cm. |
||
| 490 | 1 |
_aSong of ice and fire ; _vbk. 5, pt. 2 |
|
| 650 | 0 |
_aImaginary wars and battles _vFiction. |
|
| 650 | 0 |
_aKings and rulers _vFiction. |
|
| 650 | 0 |
_aAlchemy _vFiction. |
|
| 830 | 0 |
_aSong of ice and fire ; _vbk. 5, pt. 2. |
|
| 942 |
_2ddc _cBK |
||